00548 2200241 4500001002100000005001500021035002000036007000300056008004100059020001800100082001000118084001600128100001600144245001000160260003600170650003800206856001700244990000900261990000900270990000900279990000900288990000900297INLIS00000000000043620220714082142 a0010-0722000010ta220714 g 0 ind  a9786028603102 a635.6 a635.6 TIM m0 aTim Redaksi1 aMelon aSurakarta :bDelta Media,c2009 4aTumbuhan Kebun yang Dapat Dimakan aKoleksi Umum a5784 a5785 a5786 a5787 a5788